[Event "ICS rated bullet match"]
[Site "204.178.125.65"]
[Date "2001.07.22"]
[Round "?"]
[White "EroeInrico"]
[Black "Hossa"]
[Result "0-1"]
[WhiteElo "2066"]
[BlackElo "2616"]
[PlyCount "56"]
[EventDate "2001.??.??"]

1. d4 d5 2. Bf4 c5 3. e3 Nf6 4. c3 cxd4 5. exd4 e6 6. Bd3 Bd6 7. Ne2 Bxf4 8.
Nxf4 Bd7 9. Qf3 Qe7 10. Nd2 Nc6 11. O-O O-O-O 12. b4 g5 13. Ne2 h5 14. Nc1 e5
15. Qd1 exd4 16. cxd4 Nxd4 17. Ncb3 Qxb4 18. Rb1 Bc6 19. Nxd4 Qxd4 20. Nb3 Qg4
21. Qc2 Qa4 22. Rfc1 Ng4 23. Qc3 Qf4 24. Rc2 Qxh2+ 25. Kf1 Qh1+ 26. Ke2 Rde8+
27. Kd2 Qxb1 28. Na5 Qe1# {EroeInrico checkmated} 0-1

[Event "ICS rated bullet match"]
[Site "204.178.125.65"]
[Date "2001.07.22"]
[Round "?"]
[White "Hossa"]
[Black "EroeInrico"]
[Result "1-0"]
[WhiteElo "2617"]
[BlackElo "2065"]
[PlyCount "45"]
[EventDate "2001.??.??"]

1. e4 Nf6 2. e5 Nd5 3. d4 d6 4. c4 Nb6 5. exd6 cxd6 6. Bd3 g6 7. Nf3 Bg7 8. O-O
O-O 9. Re1 Nc6 10. d5 Nb8 11. Nc3 Bg4 12. Bg5 Re8 13. Re4 Bxf3 14. Qxf3 h6 15.
Be3 f5 16. Re6 N8d7 17. Rxg6 Nf8 18. Rxg7+ Kxg7 19. Qg3+ Kh7 20. Bxf5+ Kh8 21.
Bd4+ e5 22. dxe6+ Qf6 23. Bxf6# {EroeInrico checkmated} 1-0

[Event "ICS rated bullet match"]
[Site "204.178.125.65"]
[Date "2001.07.22"]
[Round "?"]
[White "EroeInrico"]
[Black "Hossa"]
[Result "0-1"]
[WhiteElo "2062"]
[BlackElo "2620"]
[PlyCount "90"]
[EventDate "2001.??.??"]

1. e4 c6 2. Nc3 g6 3. e5 d6 4. exd6 Qxd6 5. Nf3 Bf5 6. d4 Bg7 7. Be3 Nf6 8. Bd3
Bxd3 9. Qxd3 O-O 10. O-O Nbd7 11. Rad1 Nb6 12. Rfe1 Nbd5 13. Nxd5 cxd5 14. c3
Ng4 15. h3 Nxe3 16. Rxe3 Bh6 17. Re2 Rfd8 18. Rde1 e6 19. Ne5 Bf4 20. Ng4 Rf8
21. g3 Bg5 22. h4 Be7 23. Ne5 Bf6 24. Ng4 Bg7 25. Qe3 Qa6 26. Nh6+ Kh8 27. Ng4
Qxa2 28. Ne5 Rac8 29. Qf4 f6 30. Ng4 e5 31. Qe3 Qa4 32. Nh2 Rf7 33. h5 gxh5 34.
Kh1 h4 35. Rg1 h3 36. g4 Qc4 37. Nf3 Qc7 38. Nh4 h2 39. Rg2 exd4 40. cxd4 Bf8
41. Nf5 Bd6 42. Qh6 Qc1+ 43. Qxc1 Rxc1+ 44. Re1 Rxe1+ 45. Rg1 hxg1=Q# {
EroeInrico checkmated} 0-1

[Event "ICS Rated blitz match"]
[Site "204.178.125.65"]
[Date "2001.07.22"]
[Round "?"]
[White "Hossa"]
[Black "Tinker"]
[Result "1-0"]
[WhiteElo "2561"]
[BlackElo "2477"]
[PlyCount "75"]
[EventDate "2001.??.??"]

1. e4 c5 2. Nc3 Nc6 3. Nf3 e6 4. Be2 g6 5. d4 cxd4 6. Nxd4 Bg7 7. Ndb5 Bxc3+ 8.
bxc3 a6 9. Nd6+ Kf8 10. O-O Kg7 11. Rb1 h6 12. Be3 Nf6 13. Bb6 Qg8 14. c4 e5
15. c5 Nd4 16. Bc4 Nb5 17. Qd3 Nxd6 18. cxd6 Nh5 19. Qc3 Qe8 20. f4 Rf8 21.
fxe5 Kh7 22. Bd5 Ng7 23. Be3 g5 24. Bxb7 Bxb7 25. Rxb7 Rb8 26. Rxb8 Qxb8 27. a4
Rc8 28. Qe1 Rxc2 29. Rxf7 Qa8 30. Bd4 Rc4 31. Qe3 Kg6 32. Rxd7 Ne6 33. Qf3 Qf8
34. Be3 Rxa4 35. Re7 Ra1+ 36. Kf2 Ra2+ 37. Kg3 Nf4 38. Bxf4 {Tinker resigns}
1-0

[Event "ICS rated blitz match"]
[Site "204.178.125.65"]
[Date "2001.07.22"]
[Round "?"]
[White "Goteborg"]
[Black "Hossa"]
[Result "1/2-1/2"]
[WhiteElo "2682"]
[BlackElo "2584"]
[PlyCount "130"]
[EventDate "2001.??.??"]

1. e4 c6 2. d4 d5 3. Nc3 dxe4 4. Nxe4 Bf5 5. Ng3 Bg6 6. h4 h6 7. Nf3 Nd7 8. h5
Bh7 9. Bd3 Bxd3 10. Qxd3 Ngf6 11. Bf4 Qa5+ 12. Bd2 Qc7 13. O-O-O e6 14. Ne4
Nxe4 15. Qxe4 Nf6 16. Qe1 O-O-O 17. Be3 Bd6 18. Kb1 Kb8 19. Qc3 Nd5 20. Qc4 Qa5
21. Bd2 Bb4 22. Qe2 Bxd2 23. Qe5+ Qc7 24. Rxd2 Qxe5 25. Nxe5 Rhf8 26. c4 Nf6
27. Kc2 Kc7 28. Kd3 b6 29. Ke3 Kd6 30. Rc1 Kc7 31. g4 Nd7 32. Rcd1 Nxe5 33.
dxe5 Rxd2 34. Rxd2 Rd8 35. Rxd8 Kxd8 36. b4 a6 37. f4 Ke7 38. Kd4 Kd7 39. g5
Kd8 40. a4 Ke8 41. c5 b5 42. axb5 axb5 43. Ke3 Ke7 44. Kd4 g6 45. gxh6 Kf8 46.
hxg6 fxg6 47. Ke3 Kg8 48. Ke4 Kh8 49. h7 Kxh7 50. Kf3 Kg7 51. Kg4 Kh6 52. Kh4
Kh7 53. Kg4 Kg8 54. Kf3 Kf7 55. Ke4 Ke7 56. Kf3 Ke8 57. Ke4 Kf7 58. Ke3 g5 59.
fxg5 Kg6 60. Kf4 Kh5 61. g6 Kxg6 62. Kg4 Kh6 63. Kh4 Kg6 64. Kg4 Kh6 65. Kh4
Kg6 {Game drawn by mutual agreement} 1/2-1/2

[Event "ICS rated blitz match"]
[Site "204.178.125.65"]
[Date "2001.07.22"]
[Round "?"]
[White "Hossa"]
[Black "perucho"]
[Result "0-1"]
[WhiteElo "2588"]
[BlackElo "2855"]
[PlyCount "191"]
[EventDate "2001.??.??"]

1. d4 d6 2. g3 g6 3. Nf3 Nf6 4. Bg2 c6 5. O-O Bg7 6. c4 O-O 7. Nc3 d5 8. cxd5
Nxd5 9. e4 Nxc3 10. bxc3 Be6 11. Bf4 f6 12. Qe2 Nd7 13. d5 cxd5 14. Nd4 Nc5 15.
Rad1 Qd7 16. exd5 Bf7 17. Rfe1 Qa4 18. Qxe7 Nd3 19. Rf1 Nxf4 20. gxf4 Rab8 21.
f5 Rfe8 22. Qb4 Qxb4 23. cxb4 Bf8 24. fxg6 hxg6 25. a3 a6 26. Rfe1 Rxe1+ 27.
Rxe1 Bd6 28. Be4 Rc8 29. Kg2 f5 30. Bf3 Kg7 31. h4 Kf6 32. Ne6 b6 33. Ng5 Bg8
34. Re3 Bf4 35. Rd3 Rd8 36. Nh3 Be5 37. a4 Bd6 38. Rc3 Bxb4 39. Rc6+ Rd6 40.
Nf4 Bf7 41. Nd3 Rxc6 42. dxc6 Bd6 43. Nc1 b5 44. axb5 axb5 45. Nd3 Ke7 46. Ne1
b4 47. Nd3 b3 48. Bd1 Bc4 49. Nb2 Bd5+ 50. Bf3 Bf7 51. Bd1 Be5 52. Nd3 b2 53.
Bc2 Bf6 54. Kf3 Kd6 55. c7 Kxc7 56. Bb1 Kd6 57. Ke3 Bc3 58. f3 Be8 59. Bc2 Ba4
60. Bb1 Bc6 61. Nf4 Be8 62. Nd3 Bf7 63. Kf4 Bd2+ 64. Kg3 Bc1 65. Kf2 Bb3 66. f4
Kd5 67. Ne5 Kd4 68. Nxg6 Kc3 69. h5 Bc2 70. h6 Bxb1 71. h7 Bd3 72. h8=Q+ Kd2
73. Qd4 b1=Q 74. Ne5 Qc2 75. Kg3 Qc3 76. Qf2+ Be2+ 77. Kh4 Kd1 78. Qg1+ Kc2 79.
Qf2 Kd2 80. Kg5 Qh3 81. Kf6 Bb2 82. Ke6 Kd1 83. Qg1+ Bf1 84. Qc5 Bc3 85. Qa3
Qh6+ 86. Ke7 Qh4+ 87. Ke6 Qh3 88. Qa4+ Ke1 89. Qa3 Qe3 90. Qf8 Bd2 91. Qf6 Bc4+
92. Kxf5 Qxf4+ 93. Kg6 Qg3+ 94. Kf5 Bd5 95. Nf7 Qf3+ 96. Kg6 {Hossa resigns}
0-1

[Event "ICS rated blitz match"]
[Site "204.178.125.65"]
[Date "2001.07.22"]
[Round "?"]
[White "perucho"]
[Black "Hossa"]
[Result "1-0"]
[WhiteElo "2861"]
[BlackElo "2582"]
[PlyCount "102"]
[EventDate "2001.??.??"]

1. e4 c6 2. d4 d5 3. e5 c5 4. dxc5 e6 5. Be3 Qc7 6. Nf3 Bxc5 7. Bxc5 Qxc5 8.
Nc3 Bd7 9. Qd4 Qxd4 10. Nxd4 Nh6 11. Ncb5 Bxb5 12. Nxb5 Kd7 13. c4 a6 14. Nd6
b6 15. cxd5 exd5 16. O-O-O Ke6 17. g3 Nc6 18. f4 Ng4 19. Bh3 h5 20. Rhe1 f6 21.
Nc4 dxc4 22. Rd6+ Kf7 23. Rxc6 b5 24. e6+ Kg6 25. Bg2 Nf2 26. Kc2 Kh6 27. Re2
Nd3 28. a3 h4 29. Rc7 Rag8 30. e7 g5 31. Bc6 gxf4 32. e8=Q Rxe8 33. Rxe8 Rxe8
34. Bxe8 hxg3 35. hxg3 fxg3 36. Rf7 g2 37. Rxf6+ Kg7 38. Rg6+ Kf8 39. Bc6 Ne5
40. Rxg2 Nxc6 41. Rg6 Ne7 42. Rxa6 Nd5 43. Ra5 Nc7 44. Ra7 Ne8 45. Kc3 Nd6 46.
Kb4 Kg8 47. Rd7 Ne4 48. Rd4 Nf2 49. Kxb5 Nd3 50. a4 Kf7 51. a5 Nxb2 {
Hossa resigns} 1-0

[Event "ICS rated blitz match"]
[Site "204.178.125.65"]
[Date "2001.07.22"]
[Round "?"]
[White "Hossa"]
[Black "perucho"]
[Result "0-1"]
[WhiteElo "2577"]
[BlackElo "2866"]
[PlyCount "129"]
[EventDate "2001.??.??"]

1. e4 e6 2. d4 d5 3. Nc3 dxe4 4. Nxe4 Bd7 5. Nf3 Bc6 6. Neg5 Be7 7. Bc4 Bd5 8.
Bxd5 exd5 9. O-O Nf6 10. Ne5 O-O 11. Re1 h6 12. Ngxf7 Rxf7 13. Nxf7 Kxf7 14.
Bf4 Nc6 15. c3 Qd7 16. Qb3 Na5 17. Qc2 Nc4 18. b3 Na3 19. Qd3 Rf8 20. f3 c6 21.
Re2 Nb5 22. a4 Nd6 23. Rae1 Bd8 24. Bxd6 Qxd6 25. Qf5 Qd7 26. Qf4 Kg8 27. Qd2
Nh5 28. Re5 Qf7 29. Kh1 Bf6 30. R5e2 Bh4 31. Ra1 Bg5 32. Qd1 Nf4 33. Rea2 Qf5
34. Qe1 h5 35. Qf1 h4 36. Rd2 Bh6 37. Re1 h3 38. g4 Qd7 39. Rf2 Ng2 40. Ree2
Bf4 41. b4 Qd6 42. Rxg2 hxg2+ 43. Rxg2 Kf7 44. Qb1 g6 45. Qa2 Re8 46. Re2 Rh8
47. b5 Rh3 48. bxc6 Qxc6 49. Rf2 Kf6 50. Qa3 Qe8 51. Qa1 Rh4 52. Rc2 Qe3 53.
Qf1 Bc7 54. Rg2 Qxc3 55. Qd1 Bb6 56. Rd2 Qe3 57. Kg2 Qf4 58. Kg1 Rh3 59. Kh1
Bxd4 60. Qe2 Be3 61. g5+ Ke7 62. Rb2 Rxf3 63. Rxb7+ Kd8 64. Rb8+ Kc7 65. Rb1 {
Hossa resigns} 0-1

[Event "ICS rated blitz match"]
[Site "204.178.125.65"]
[Date "2001.07.22"]
[Round "?"]
[White "perucho"]
[Black "Hossa"]
[Result "1-0"]
[WhiteElo "2871"]
[BlackElo "2572"]
[PlyCount "104"]
[EventDate "2001.??.??"]

1. c4 e5 2. Nc3 Nc6 3. Nf3 Nf6 4. a3 Be7 5. d4 exd4 6. Nxd4 Nxd4 7. Qxd4 O-O 8.
g3 d6 9. Bg2 Nd7 10. Nd5 Nc5 11. Qc3 c6 12. Nxe7+ Qxe7 13. Be3 Bf5 14. O-O Ne4
15. Qd4 Rfd8 16. Rfd1 d5 17. b4 a5 18. cxd5 Rxd5 19. Qb2 Rad8 20. Rxd5 Rxd5 21.
Bd4 Bd7 22. f3 Nd6 23. e4 Rg5 24. Bc5 b6 25. Bxb6 Nc4 26. Qd4 Nxb6 27. Qxb6 Be8
28. Rd1 axb4 29. Qxb4 Qa7+ 30. Kh1 Re5 31. f4 Re6 32. Qc3 Qe7 33. e5 c5 34. Rc1
Rb6 35. h3 Rb5 36. a4 Rb8 37. a5 Rc8 38. Rb1 Qe6 39. Rb6 Qa2 40. a6 c4 41. e6
Qf2 42. Rb7 Rd8 43. Kh2 f6 44. a7 Bc6 45. Qb2 Qxb2 46. Rxb2 Bxg2 47. Rb8 Kf8
48. Rxd8+ Ke7 49. Kxg2 Kxe6 50. a8=Q Kf5 51. Qd5+ Kg6 52. g4 h6 {Hossa resigns}
1-0

[Event "ICS Rated blitz match"]
[Site "204.178.125.65"]
[Date "2001.07.22"]
[Round "?"]
[White "Mink"]
[Black "Hossa"]
[Result "1/2-1/2"]
[WhiteElo "2654"]
[BlackElo "2567"]
[PlyCount "75"]
[EventDate "2001.??.??"]

1. e4 c5 2. Nf3 d6 3. d4 cxd4 4. Nxd4 Nf6 5. Nc3 a6 6. Be3 Nbd7 7. g4 d5 8.
exd5 Nb6 9. Be2 Nbxd5 10. Nxd5 Nxd5 11. Qd2 e5 12. Nb3 Nxe3 13. Qxe3 f6 14. g5
Be6 15. Bh5+ g6 16. Bf3 Rb8 17. Rd1 Bd6 18. Qd2 Bxb3 19. Qxd6 Bxc2 20. Qxd8+
Rxd8 21. Rxd8+ Kxd8 22. Bxb7 Ke7 23. Kd2 Rb8 24. Rc1 Rxb7 25. gxf6+ Kxf6 26.
Rxc2 Kf5 27. b3 Ke4 28. Ke2 Rb6 29. Rc4+ Kf5 30. Ke3 g5 31. Rc8 Rf6 32. Rh8 h6
33. f3 Rd6 34. Rf8+ Ke6 35. Rc8 Kf5 36. Rf8+ Ke6 37. Rc8 Kf5 38. Rf8+ {
Game drawn by repetition} 1/2-1/2

[Event "ICS rated blitz match"]
[Site "204.178.125.65"]
[Date "2001.07.22"]
[Round "?"]
[White "Hossa"]
[Black "Amateur"]
[Result "1/2-1/2"]
[WhiteElo "2571"]
[BlackElo "2556"]
[PlyCount "201"]
[EventDate "2001.??.??"]

1. e4 c5 2. Nf3 e6 3. c4 Nc6 4. Nc3 Nf6 5. Be2 d5 6. exd5 exd5 7. d4 Be6 8.
cxd5 Nxd5 9. O-O Be7 10. dxc5 Nxc3 11. bxc3 Qxd1 12. Rxd1 Bxc5 13. Ng5 O-O 14.
Bf4 Bb6 15. Bd6 Rfe8 16. Rd2 Ba5 17. Rc1 Rad8 18. Bb5 Bc7 19. Ne4 Bb8 20. Rcd1
a6 21. Bxc6 bxc6 22. Bxb8 Rxd2 23. Rxd2 Rxb8 24. f4 Bd5 25. Nc5 a5 26. Kf2 h5
27. a4 Kh7 28. Ke3 Rb1 29. Kd4 Kg6 30. g3 Kf5 31. c4 Rb4 32. Rc2 Bf3 33. Rc3
Be2 34. Nd7 Rxa4 35. Ne5 Bf1 36. Rc2 Ra1 37. Nxf7 a4 38. Ne5 a3 39. Kc5 a2 40.
h4 Ke4 41. Kxc6 Bh3 42. Kc5 Bf1 43. Rf2 Kf5 44. Kc6 Ke4 45. c5 Ke3 46. Rb2 Kd4
47. Rc2 Bh3 48. Kd6 Ke3 49. Ke7 Bf5 50. Rb2 Kd4 51. c6 Kc3 52. Re2 Kb3 53. Re3+
Ka4 54. Re2 Ka3 55. Nc4+ Kb3 56. Na5+ Kb4 57. Nb7 g6 58. Nd6 Bd3 59. c7 Bxe2
60. c8=Q Re1 61. Qb7+ Ka3 62. Qa7+ Kb4 63. Qb6+ Ka4 64. Ne4 Bc4 65. Qd4 a1=Q
66. Qxc4+ Ka3 67. Qd3+ Kb4 68. Kf7 Rd1 69. Qc2 Qd4 70. Kxg6 Rd3 71. Qb1+ Kc4
72. Qa2+ Kb4 73. Qa8 Re3 74. Qb7+ Kc4 75. Kf5 Qd3 76. g4 hxg4 77. Qa6+ Kd4 78.
Qd6+ Kc4 79. Qxd3+ Kxd3 80. Nf2+ Ke2 81. Nxg4 Rh3 82. Kg5 Rg3 83. h5 Kf3 84. h6
Rxg4+ 85. Kh5 Rxf4 86. h7 Rf8 87. Kg6 Rb8 88. Kg7 Rb7+ 89. Kh6 Rb6+ 90. Kg5 Rb8
91. Kf6 Kg4 92. Kg7 Rb7+ 93. Kg6 Rb6+ 94. Kf7 Rb8 95. Kg6 Rd8 96. Kg7 Rd7+ 97.
Kh6 Rd6+ 98. Kg7 Rd7+ 99. Kg8 Rd8+ 100. Kg7 Rd7+ 101. Kg8 {
Game drawn by repetition} 1/2-1/2

[Event "ICS rated blitz match"]
[Site "204.178.125.65"]
[Date "2001.07.22"]
[Round "?"]
[White "QueenMaxima"]
[Black "Hossa"]
[Result "0-1"]
[WhiteElo "2543"]
[BlackElo "2570"]
[PlyCount "146"]
[EventDate "2001.??.??"]

1. d4 d5 2. c4 Bf5 3. Nc3 dxc4 4. Nf3 Nf6 5. Qa4+ c6 6. Qxc4 e6 7. Bg5 Be7 8.
Bxf6 Bxf6 9. O-O-O b5 10. Qb3 a5 11. e4 Bg6 12. h4 a4 13. Qc2 Bh5 14. d5 Qb6
15. e5 Bxe5 16. Nxe5 Bxd1 17. Nxd1 exd5 18. Qf5 O-O 19. Bd3 g6 20. Qf6 Qd8 21.
Qxd8 Rxd8 22. h5 Nd7 23. Nf3 Nc5 24. Bb1 d4 25. hxg6 hxg6 26. Rh4 Ne6 27. g3 a3
28. b3 Rd5 29. Be4 Rd6 30. Ne5 Nc5 31. Bb1 Kg7 32. b4 Na6 33. Nd3 Rc8 34. Kd2
c5 35. bxc5 Nxc5 36. Ne1 f5 37. Nf3 Rcd8 38. Bd3 b4 39. Bb1 b3 40. axb3 Nxb3+
41. Ke2 Ra8 42. Kd3 Rb8 43. Ba2 Nc1+ 44. Kd2 Nxa2 45. Rxd4 Rbd8 46. Ke3 Nb4 47.
Rxb4 Rxd1 48. Ra4 Re8+ 49. Ne5 Rxe5+ 50. Kf3 Rd3+ 51. Kg2 Re2 52. Ra7+ Kf6 53.
Ra6+ Ke5 54. Kf1 Rc2 55. Ra5+ Kd4 56. Ra8 a2 57. Kg2 Kc4 58. Rc8+ Kb3 59. Rb8+
Ka3 60. Re8 Kb2 61. Rb8+ Rb3 62. Ra8 Ra3 63. Rb8+ Kc1 64. Re8 Kd1 65. Kf1 Rc1
66. Re1+ Kc2 67. Rxc1+ Kxc1 68. Kg2 Kd2 69. g4 Ke2 70. f3 Rxf3 71. Kh2 Kf1 72.
g5 a1=R 73. Kh1 Rh3# {QueenMaxima checkmated} 0-1

[Event "ICS rated blitz match"]
[Site "204.178.125.65"]
[Date "2001.07.22"]
[Round "?"]
[White "Amateur"]
[Black "Hossa"]
[Result "0-1"]
[WhiteElo "2557"]
[BlackElo "2567"]
[PlyCount "112"]
[EventDate "2001.??.??"]

1. d4 d5 2. c4 Bf5 3. Qb3 e5 4. Qxb7 Nd7 5. dxe5 d4 6. Nf3 Bc5 7. Bg5 Ne7 8.
Bxe7 Kxe7 9. b3 Re8 10. Qd5 Kf8 11. a3 Rc8 12. Nxd4 Rxe5 13. Nc6 Rxd5 14. Nxd8
Bd4 15. cxd5 Bxa1 16. Nxf7 Kxf7 17. Nd2 Bc3 18. e3 Nc5 19. Kd1 Bxd2 20. Kxd2
Nxb3+ 21. Kc3 Rb8 22. Bd3 Bxd3 23. Kxd3 Ke7 24. Re1 Na5 25. Rc1 Kd6 26. e4 Rb2
27. Rc2 Rxc2 28. Kxc2 Nc4 29. a4 Ne5 30. h3 Nd7 31. f3 Nc5 32. Kc3 Nxa4+ 33.
Kd4 Nb6 34. f4 a5 35. e5+ Ke7 36. Kc5 a4 37. Kd4 Nxd5 38. Kc4 Nxf4 39. Kb4 Nxg2
40. Kxa4 h5 41. Kb4 g5 42. Kc4 Ke6 43. Kd4 c5+ 44. Ke4 c4 45. Kd4 g4 46. hxg4
hxg4 47. Kxc4 Kxe5 48. Kc3 g3 49. Kd3 Ne1+ 50. Ke2 g2 51. Kf2 Ke4 52. Kxe1
g1=Q+ 53. Kd2 Qc5 54. Ke1 Ke3 55. Kd1 Kd3 56. Ke1 Qg1# {Amateur checkmated} 0-1

[Event "ICS rated blitz match"]
[Site "204.178.125.65"]
[Date "2001.07.22"]
[Round "?"]
[White "Hossa"]
[Black "izirom"]
[Result "1-0"]
[WhiteElo "2583"]
[BlackElo "2113"]
[PlyCount "33"]
[EventDate "2001.??.??"]

1. e4 c5 2. Nc3 d6 3. f4 Nc6 4. Nf3 g6 5. Bb5 Bg7 6. O-O e6 7. e5 d5 8. b3 Nge7
9. Ba3 b6 10. d4 cxd4 11. Bxe7 Kxe7 12. Bxc6 dxc3 13. Bxa8 Ba6 14. Qc1 Qxa8 15.
Qa3+ Kd7 16. Qxa6 Rc8 17. Nd4 {izirom resigns} 1-0

[Event "ICS rated blitz match"]
[Site "204.178.125.65"]
[Date "2001.07.22"]
[Round "?"]
[White "Hossa"]
[Black "Amateur"]
[Result "1-0"]
[WhiteElo "2573"]
[BlackElo "2547"]
[PlyCount "121"]
[EventDate "2001.??.??"]

1. e4 e5 2. Nf3 Nc6 3. Bb5 a6 4. Ba4 Nf6 5. d4 exd4 6. O-O Nxe4 7. Re1 f5 8.
Nxd4 b5 9. Bb3 Nxd4 10. Qxd4 Bb7 11. f3 c5 12. Qe5+ Qe7 13. Qxf5 c4 14. Nc3
Qc5+ 15. Qxc5 Bxc5+ 16. Be3 Bxe3+ 17. Rxe3 cxb3 18. Nxe4 O-O 19. Nd6 Bd5 20.
Re5 Bc6 21. axb3 Rf6 22. Rd1 Rg6 23. Kf2 Rf8 24. Nf5 Kf7 25. Re7+ Kg8 26. Nd4
Rd6 27. b4 Rf7 28. Re8+ Rf8 29. Rxf8+ Kxf8 30. c3 Kf7 31. Re1 Bd5 32. Re5 Ba2
33. b3 Bb1 34. Re1 Bg6 35. g4 Kf6 36. f4 h6 37. h4 Bh7 38. g5+ Kf7 39. f5 Bg8
40. Kg3 hxg5 41. hxg5 Kf8 42. Kf4 Bf7 43. Rh1 Rb6 44. Rh8+ Bg8 45. Ke5 Kf7 46.
Kd5 Kf8+ 47. Kc5 Rb7 48. Kd6 Kf7 49. Nf3 Kf8 50. Ne5 Rb6+ 51. Kc7 Rc6+ 52. Nxc6
dxc6 53. Kxc6 g6 54. f6 Kf7 55. Kd7 Kf8 56. Rxg8+ Kf7 57. Rg7+ Kf8 58. Ke6 a5
59. bxa5 b4 60. cxb4 Ke8 61. Rg8# {Amateur checkmated} 1-0

[Event "ICS rated blitz match"]
[Site "204.178.125.65"]
[Date "2001.07.22"]
[Round "?"]
[White "Amateur"]
[Black "Hossa"]
[Result "1/2-1/2"]
[WhiteElo "2532"]
[BlackElo "2588"]
[PlyCount "28"]
[EventDate "2001.??.??"]

1. c4 c5 2. Nf3 Nc6 3. g3 g6 4. Bg2 Bg7 5. O-O Nf6 6. d4 cxd4 7. Nxd4 O-O 8.
Nc3 Ng4 9. e3 Nge5 10. b3 d6 11. Bb2 Nb4 12. Ba3 Nbc6 13. Bb2 Nb4 14. Ba3 Nbc6
{Game drawn by mutual agreement} 1/2-1/2

[Event "ICS rated blitz match"]
[Site "204.178.125.65"]
[Date "2001.07.22"]
[Round "?"]
[White "Hossa"]
[Black "Yace"]
[Result "1-0"]
[WhiteElo "2585"]
[BlackElo "2769"]
[PlyCount "104"]
[EventDate "2001.??.??"]

1. e4 e5 2. Nf3 Nc6 3. Bb5 Nf6 4. O-O Bc5 5. c3 O-O 6. d4 Bb6 7. Bg5 d6 8. Bxc6
bxc6 9. a4 a5 10. dxe5 dxe5 11. Qxd8 Rxd8 12. Nxe5 Ba6 13. Bxf6 gxf6 14. Nxc6
Bxf1 15. Nxd8 Bd3 16. Nc6 Bxe4 17. Ne7+ Kf8 18. Nd2 Bxg2 19. Kxg2 Kxe7 20. Re1+
Kf8 21. Nc4 Bc5 22. Rd1 c6 23. Rd3 Be7 24. Rd7 Ke8 25. Rb7 Ra6 26. h4 Kf8 27.
h5 Ke8 28. Kf3 Ra8 29. Kf4 Bc5 30. Kf5 Be7 31. f4 Rd8 32. Ke4 Ra8 33. b3 Kd8
34. Nb6 Ra6 35. Rd7+ Ke8 36. Rb7 Bd6 37. Kf5 Be7 38. Nc8 Bf8 39. Kxf6 h6 40.
Rb8 Kd7 41. Nb6+ Kc7 42. Rc8+ Kxb6 43. Rxf8 Kc5 44. Rxf7 Rb6 45. Kg7 Rxb3 46.
Rf5+ Kb6 47. Kxh6 Rxc3 48. Kg6 Rd3 49. h6 Rd6+ 50. Rf6 Rd8 51. h7 Kc5 52. Kg7
Rb8 {Yace resigns} 1-0

[Event "ICS rated blitz match"]
[Site "204.178.125.65"]
[Date "2001.07.22"]
[Round "?"]
[White "QueenMaxima"]
[Black "Hossa"]
[Result "0-1"]
[WhiteElo "2520"]
[BlackElo "2606"]
[PlyCount "102"]
[EventDate "2001.??.??"]

1. e4 c6 2. d4 d5 3. exd5 cxd5 4. Nf3 Nc6 5. Bb5 a6 6. Bxc6+ bxc6 7. O-O e6 8.
Ne5 Bb7 9. Qh5 Qc7 10. Bg5 c5 11. Nf3 Nf6 12. Bxf6 gxf6 13. Re1 O-O-O 14. Qh4
Be7 15. Nbd2 Rdg8 16. dxc5 h5 17. Nb3 Rg4 18. Qh3 Bxc5 19. Nxc5 Qxc5 20. c3 Kb8
21. Rad1 e5 22. a3 d4 23. cxd4 exd4 24. Nh4 Rhg8 25. g3 Qg5 26. Ng2 Qd5 27. Re7
Bc6 28. f3 Qb3 29. Rd2 Bxf3 30. Rf2 Qd5 31. b4 d3 32. Rd2 Qd4+ 33. Ne3 Re4 34.
Rxe4 Bxe4 35. Kf2 Rg5 36. g4 Rxg4 37. Ke1 Qa1+ 38. Nd1 Rg1+ 39. Kf2 Rxd1 40.
Rxd1 Qxd1 41. Qg3+ Kb7 42. Qe3 f5 43. b5 axb5 44. h3 h4 45. a4 bxa4 46. Qa7+
Kxa7 47. Ke3 Qg1+ 48. Kd2 Qc5 49. Ke1 Qe3+ 50. Kf1 Qf3+ 51. Kg1 Qg2# {
QueenMaxima checkmated} 0-1

[Event "ICS rated blitz match"]
[Site "204.178.125.65"]
[Date "2001.07.22"]
[Round "?"]
[White "Hossa"]
[Black "QueenMaxima"]
[Result "1-0"]
[WhiteElo "2618"]
[BlackElo "2508"]
[PlyCount "113"]
[EventDate "2001.??.??"]

1. e4 e5 2. Nf3 a6 3. Bc4 Nc6 4. O-O b5 5. Bd5 Nge7 6. Re1 Rb8 7. d4 exd4 8.
Nxd4 Nxd4 9. Qxd4 Bb7 10. Bf4 Ng6 11. Bg3 Ne7 12. Qc3 Bc6 13. Nd2 Rb6 14. Qb3
Bxd5 15. exd5 Qb8 16. Re2 h5 17. Rae1 Rg6 18. Rxe7+ Bxe7 19. Qe3 O-O 20. Qxe7
d6 21. Ne4 Qd8 22. Qxd8 Rxd8 23. Bf4 Kf8 24. h3 Re8 25. Re3 Rb8 26. b4 Ra8 27.
f3 a5 28. Ra3 a4 29. Rc3 Ra7 30. Ng3 Rf6 31. Bg5 Rg6 32. h4 f6 33. Be3 Rb7 34.
Nxh5 Ke7 35. g4 Kd7 36. Ng3 Rb8 37. h5 Rh6 38. Bxh6 gxh6 39. Nf5 Rh8 40. Re3
Kd8 41. Re6 Rf8 42. Nxh6 Kc8 43. Nf5 Kb7 44. Ne7 a3 45. Ng6 Rg8 46. Rxf6 Rg7
47. h6 Rh7 48. g5 Kc8 49. Nf8 Rh8 50. h7 Kb7 51. g6 Kc8 52. Ne6 Kb7 53. Rf8 c5
54. Rxh8 Ka6 55. Ra8+ Kb7 56. h8=R c4 57. Rhb8# {QueenMaxima checkmated} 1-0

[Event "ICS rated blitz match"]
[Site "204.178.125.65"]
[Date "2001.07.22"]
[Round "?"]
[White "Hossa"]
[Black "pob"]
[Result "1-0"]
[WhiteElo "2629"]
[BlackElo "2277"]
[PlyCount "95"]
[EventDate "2001.??.??"]

1. d4 Nf6 2. c4 e6 3. Nc3 Bb4 4. e3 d5 5. Nf3 O-O 6. a3 Bxc3+ 7. bxc3 b6 8.
cxd5 exd5 9. Bb2 Nbd7 10. Bd3 Re8 11. c4 Bb7 12. cxd5 Bxd5 13. O-O Qe7 14. Ne5
Rad8 15. Qc2 h6 16. e4 Ba8 17. f4 Nf8 18. Rac1 Ne6 19. d5 Nc5 20. Bd4 Ncxe4 21.
Bxe4 Nxe4 22. Qxe4 Rxd5 23. Bf2 Qxa3 24. Qc4 c5 25. Ra1 Qb2 26. Ra2 Qb4 27.
Rxa7 Qxc4 28. Nxc4 Rd3 29. Nxb6 Be4 30. Re1 f5 31. Rc7 Rb8 32. Rxc5 Rd2 33. Nc4
Rc2 34. Nd6 Rxc5 35. Bxc5 Bd5 36. Nxf5 Rb2 37. Ne7+ Kf7 38. Nxd5 Kg6 39. f5+
Kxf5 40. Ne7+ Kf4 41. Be3+ Kg4 42. Bd4 Rb7 43. h3+ Kh5 44. Re5+ g5 45. g4+ Kh4
46. Kg2 Rb2+ 47. Bxb2 h5 48. Ng6# {pob checkmated} 1-0

[Event "ICS unrated blitz match"]
[Site "204.178.125.65"]
[Date "2001.07.22"]
[Round "?"]
[White "Hossa"]
[Black "Panthee"]
[Result "1-0"]
[WhiteElo "2633"]
[BlackElo "2200"]
[PlyCount "69"]
[EventDate "2001.??.??"]

1. d4 d5 2. Bg5 f6 3. Bd2 c5 4. dxc5 e5 5. b4 a5 6. c3 axb4 7. cxb4 b6 8. cxb6
Qxb6 9. a3 Nc6 10. Nc3 Be6 11. e3 Nh6 12. Nf3 Nf5 13. Na4 Qb7 14. g4 Nd6 15.
Nc5 Qc8 16. g5 Bg4 17. h3 Bh5 18. Be2 Nc4 19. gxf6 gxf6 20. Bxc4 dxc4 21. Ne4
Qf5 22. Nh4 Bxd1 23. Nd6+ Bxd6 24. Nxf5 Bxb4 25. Rxd1 Rxa3 26. Bxb4 Nxb4 27.
Nd6+ Ke7 28. Nxc4 Ra2 29. Rg1 e4 30. Rg7+ Ke6 31. Rd6+ Kf5 32. Rdd7 Nd3+ 33.
Kf1 Rxf2+ 34. Kg1 Ne5 35. Nxe5 {Panthee resigns} 1-0

[Event "ICS rated standard match"]
[Site "204.178.125.65"]
[Date "2001.07.22"]
[Round "?"]
[White "Hossa-Tester"]
[Black "Hossa"]
[Result "1/2-1/2"]
[WhiteElo "2200"]
[BlackElo "2353"]
[PlyCount "76"]
[EventDate "2001.??.??"]

1. g4 Nf6 2. g5 Ng8 3. d4 d5 4. Bg2 e6 5. Nf3 c5 6. O-O Nc6 7. c3 Bd6 8. dxc5
Bxc5 9. b4 Bd6 10. b5 Ne5 11. Nxe5 Bxe5 12. f4 Bc7 13. Be3 Ne7 14. Bd4 O-O 15.
e4 dxe4 16. Bxe4 Ng6 17. Qh5 Bb6 18. Bf2 Qc7 19. Nd2 Qxc3 20. Nb3 Bxf2+ 21.
Rxf2 Qc4 22. Re1 Qxb5 23. Re3 f5 24. Bd3 Qb4 25. Rh3 Nxf4 26. Qxh7+ Kf7 27. g6+
Ke8 28. Rxf4 Qxf4 29. Bb5+ Bd7 30. Bxd7+ Kxd7 31. Qxg7+ Ke8 32. Rh8 Qe3+ 33.
Kf1 Qd3+ 34. Ke1 Qb1+ 35. Ke2 Qe4+ 36. Kf2 Qc2+ 37. Ke1 Qb1+ 38. Ke2 Qe4+ {
Game drawn by mutual agreement} 1/2-1/2